| 000 | 00636nam a2200205 a 4500 | ||
|---|---|---|---|
| 005 | 20240920064135.0 | ||
| 008 | 991125m19761992es 000 0 spa u | ||
| 035 | _aUPN01000227393 | ||
| 049 | _aCG | ||
| 050 | 4 |
_aLB775 M3.4 _bC6.8d 1976 |
|
| 100 | 1 |
_aMakarenko, Anton Semenovich, _d1888-1939 |
|
| 245 | 1 | 0 |
_aConferencias sobre educación infantil / _cA. Makarenko. |
| 250 | _a5a ed. | ||
| 260 |
_aMéxico : _bEdiciones de Cultura Popular, _c1976. |
||
| 300 | _a107 p. | ||
| 600 | 1 | 2 |
_aMakarenko, Anton Semenovich, _d1888-1939 _929100 |
| 650 | 4 |
_aEducación de niños _95387 |
|
| 650 | 4 |
_aEducación familiar _97274 |
|
| 905 | _aLibro | ||
| 999 |
_c199488 _d199488 |
||